LEADER 01935oam 2200517M 450 001 9910716139703321 005 20200213070928.2 035 $a(CKB)5470000002518719 035 $a(OCoLC)1065611767 035 $a(OCoLC)995470000002518719 035 $a(EXLCZ)995470000002518719 100 $a20071213d1926 ua 0 101 0 $aeng 135 $aurcn||||||||| 181 $ctxt$2rdacontent 182 $cc$2rdamedia 183 $acr$2rdacarrier 200 10$aTo amend the Employees' Compensation Act. June 2, 1926. -- Committed to the Committee of the Whole House on the State of the Union and ordered to be printed 210 1$a[Washington, D.C.] :$c[U.S. Government Printing Office],$d1926. 215 $a1 online resource (3 pages) 225 1 $aHouse report / 69th Congress, 1st session. House ;$vno. 1355 225 1 $a[United States congressional serial set] ;$v[serial no. 8534] 300 $aBatch processed record: Metadata reviewed, not verified. Some fields updated by batch processes. 300 $aFDLP item number not assigned. 606 $aArtificial limbs 606 $aLegislative amendments 606 $aMedical care 606 $aWorkers' compensation 606 $aPeople with disabilities 606 $aCivil service 608 $aLegislative materials.$2lcgft 615 0$aArtificial limbs. 615 0$aLegislative amendments. 615 0$aMedical care. 615 0$aWorkers' compensation. 615 0$aPeople with disabilities. 615 0$aCivil service. 701 $aGraham$b George Scott$f1850-1931.$pRepublican (PA)$01386798 801 0$bWYU 801 1$bWYU 801 2$bOCLCO 801 2$bOCLCQ 906 $aBOOK 912 $a9910716139703321 996 $aTo amend the Employees' Compensation Act. June 2, 1926. -- Committed to the Committee of the Whole House on the State of the Union and ordered to be printed$93519147 997 $aUNINA